| 000 | 00399nam a2200133Ia 4500 | ||
|---|---|---|---|
| 008 | 220216s9999 xx 000 0 und d | ||
| 100 | _aThomas E V | ||
| 245 | 0 | _aLatex stage compounding as an energy saving method in natural rubber processing | |
| 260 |
_bPlastics and Rubber Processing and Applications _c1985 |
||
| 300 | _a381-382 | ||
| 700 | _aFrancis D J | ||
| 700 | _aRajammal G | ||
| 942 | _cJS | ||
| 999 |
_c62085 _d62085 |
||